Del fuego al reactor nuclear / (Record no. 186938)
[ view plain ]
| 000 -LEADER | |
|---|---|
| campo de control de longitud fija | 00808nam a2200229 i 4500 |
| 001 - NÚMERO DE CONTROL | |
| campo de control | 186938 |
| 003 - IDENTIFICADOR DE NÚMERO DE CONTROL | |
| campo de control | SpMaBN |
| 005 - FECHA Y HORA DE LA ÚLTIMA TRANSACCIÓN | |
| campo de control | 20230906222757.0 |
| 008 - DATOS DE LONGITUD FIJA--INFORMACIÓN GENERAL | |
| campo de control de longitud fija | 170303s1973 sp ao |||| | spa d |
| 020 ## - NÚMERO INTERNACIONAL ESTÁNDAR DEL LIBRO | |
| Número Internacional Estándar del Libro | 84-279-5517-0 |
| 080 ## - NÚMERO DE LA CLASIFICACIÓN DECIMAL UNIVERSAL | |
| Número de la Clasificación Decimal Universal | 620.91 |
| 100 1# - ENTRADA PRINCIPAL--NOMBRE DE PERSONA | |
| Nombre de persona | Hinkelbein, Albert. |
| 9 (RLIN) | 161959 |
| 245 10 - MENCIÓN DEL TÍTULO | |
| Título | Del fuego al reactor nuclear / |
| Mención de responsabilidad, etc. | Albert Hinkelbein ; [traducción de Enrique de Obregón]. |
| 260 ## - PUBLICACIÓN, DISTRIBUCIÓN, ETC. | |
| Lugar de publicación, distribución, etc. | Barcelona : |
| Nombre del editor, distribuidor, etc. | Noguer, |
| Fecha de publicación, distribución, etc. | [1973] |
| 300 ## - DESCRIPCIÓN FÍSICA | |
| Extensión | 127 p. : |
| Otras características físicas | il. col. y n., fot. ; |
| Dimensiones | 26 cm. |
| 490 1# - MENCIÓN DE SERIE | |
| Mención de serie | International library. Biblioteca de divulgación ; |
| Designación de volumen o secuencia | 15 |
| 650 07 - PUNTO DE ACCESO ADICIONAL DE MATERIA--TÉRMINO DE MATERIA | |
| Término de materia o nombre geográfico como elemento de entrada | Recursos energéticos. |
| 9 (RLIN) | 16697 |
| 700 1# - ENTRADA AGREGADA--NOMBRE PERSONAL | |
| Nombre de persona | Obregón, Enrique de. |
| 9 (RLIN) | 86425 |
| 830 0# - PUNTO DE ACCESO ADICIONAL DE SERIE-TÍTULO UNIFORME | |
| Título uniforme | International library. Biblioteca de divulgación ; |
| Designación de volumen o secuencia | 15 |
| 9 (RLIN) | 192697 |
| 852 ## - LOCALIZACIÓN | |
| Ubicación | ES-MaACL |
| Número de control de estantería | L-31181 |
| Nota libre | - enc. cart. |
| Estatus retirado | Estado de pérdida | Estado de daño | No para préstamo | Biblioteca de origen | Biblioteca actual | Ubicación en estantería | Fecha de adquisición | Fuente de adquisición | Total de préstamos | Signatura topográfica completa | Código de barras | Visto por última vez | Precio de reemplazo | Tipo de ítem Koha |
|---|---|---|---|---|---|---|---|---|---|---|---|---|---|---|
| Biblioteca del Ateneo de Madrid | Biblioteca del Ateneo de Madrid | Depósito 2 | 03/03/2017 | L-31181 | 1197183 | 23/02/2023 | 23/02/2023 | Libro impreso |
